[Event "Polanica Zdroj op-C 58th"]
[Site "Polanica Zdroj"]
[Date "2022.08.20"]
[Round "8"]
[White "Fainberg, Boris"]
[Black "Kwiecien, Zbigniew"]
[Result "1-0"]
[WhiteElo "2015"]
[BlackElo "1937"]
[PlyCount "152"]
[EventDate "2022.08.13"]
[EventType "swiss"]
[EventRounds "9"]
[EventCountry "POL"]
[SourceTitle "CBM 210 Extra"]
[Source "ChessBase"]
[SourceDate "2022.11.30"]
[SourceVersion "1"]
[SourceVersionDate "2022.11.30"]
[SourceQuality "1"]

1. d4 Nf6 2. c4 g6 3. Nc3 Bg7 4. e4 d6 5. Be2 0-0 6. Bg5 h6 7. Be3 Kh7 8. g4 Rh8 9. h4 Kg8 10. f3 c6 11. Qc2 Na6 12. Qd1 Nb8 13. Qc2 Na6 14. Qd1 Nb8 15. Qc2 Na6 16. Qd1 Nb8 17. Qc2 Na6 18. Qd1 Nb8 19. Qc2 Na6 20. Rd1 Qc7 21. Ra1 Qd8 22. Rd1 Qc7 23. Qb1 Qd8 24. Qc2 Qc7 25. Qb1 Bd7 26. Nh3 Bc8 27. Ng1 Bd7 28. Nh3 Bc8 29. Ng1 Bd7 30. Nh3 e5 31. d5 c5 32. Nf2 h5 33. g5 Ne8 34. a3 Kh7 35. Bf1 Rf8 36. Be2 Rh8 37. Bf1 Rf8 38. Be2 Rh8 39. Bf1 Rf8 40. Bh3 Rd8 41. Ke2 Nb8 42. Nb5 Na6 43. Nc3 Nb8 44. Nb5 Bxb5 45. cxb5 Qa5 46. Qd3 Nc7 47. b4 cxb4 48. axb4 Qxb5 49. Bxa7 Nba6 50. Be3 Nb8 51. Ba7 Nba6 52. Be3 Nb8 53. Ba7 Nba6 54. Rb1 Ra8 55. Be3 Rad8 56. Ba7 Ra8 57. Be3 Rad8 58. Ba7 Ra8 59. Be3 f5 60. Rhc1 fxe4 61. fxe4 Nxb4 62. Qxb5 Ra2+ 63. Kf1 Raa8 64. Ke2 Ra2+ 65. Kf1 Nxb5 66. Rxb4 Nd4 67. Rbb1 Nb5 68. Rb4 Nd4 69. Rbc4 Nb5 70. Rb4 Nd4 71. Rbc4 Nb5 72. Rb4 Nd4 73. Rbc4 b5 74. Rc8 Rf3 75. Bxd4 exd4 76. R1c2 d3 1-0

[Event "Polanica Zdroj op-C 58th"]
[Site "Polanica Zdroj"]
[Date "2022.08.16"]
[Round "4"]
[White "Kwiecien, Zbigniew"]
[Black "Marusenko, Petr"]
[Result "1-0"]
[WhiteElo "1937"]
[BlackElo "2075"]
[PlyCount "66"]
[EventDate "2022.08.13"]
[EventType "swiss"]
[EventRounds "9"]
[EventCountry "POL"]
[SourceTitle "CBM 210 Extra"]
[Source "ChessBase"]
[SourceDate "2022.11.30"]
[SourceVersion "1"]
[SourceVersionDate "2022.11.30"]
[SourceQuality "1"]

1. Nf3 d5 2. g3 e6 3. Bg2 c5 4. 0-0 Nc6 5. b3 Nf6 6. Bb2 Be7 7. d3 0-0 8. Nbd2 d4 9. e4 dxe3 10. fxe3 Nd5 11. Qe2 Bf6 12. Bxf6 Nxf6 13. Nc4 Nd5 14. Qd2 Qc7 15. e4 Nb6 16. Ne3 Nd4 17. Nh4 Nd7 18. c3 Nc6 19. Qe2 Nde5 20. Rad1 Rd8 21. Nf3 Nxf3+ 22. Bxf3 b6 23. Qg2 Ne5 24. Be2 Bb7 25. d4 cxd4 26. cxd4 Qc3 27. Qf2 Rxd4 28. Rc1 Qb2 29. Rc2 Qa3 30. Nc4 Rxc4 31. Bxc4 Bxe4 32. Rc3 Bf5 33. Qd4 Nxc4 1-0

[Event "Polanica Zdroj op-C 58th"]
[Site "Polanica Zdroj"]
[Date "2022.08.14"]
[Round "2"]
[White "Wasylkiewicz, Andrzej"]
[Black "Kwiecien, Zbigniew"]
[Result "0-1"]
[WhiteElo "1691"]
[BlackElo "1937"]
[PlyCount "40"]
[EventDate "2022.08.13"]
[EventType "swiss"]
[EventRounds "9"]
[EventCountry "POL"]
[SourceTitle "CBM 210 Extra"]
[Source "ChessBase"]
[SourceDate "2022.11.30"]
[SourceVersion "1"]
[SourceVersionDate "2022.11.30"]
[SourceQuality "1"]

1. e4 c5 2. Nc3 d6 3. g3 g6 4. Bg2 Bg7 5. d3 Nc6 6. Be3 h5 7. h3 Bd7 8. Qd2 a6 9. Nge2 Nf6 10. 0-0 h4 11. Kh2 hxg3+ 12. fxg3 Ng4+ 13. Kg1 Nxe3 14. Qxe3 Bxh3 15. Qf4 Be6 16. Rab1 Nd4 17. Qd2 Qd7 18. Nf4 Bh6 19. Ncd5 Bxd5 20. exd5 Qg4 0-1

[Event "Rubinstein Memorial-B 55th"]
[Site "Polanica Zdroj"]
[Date "2019.08.25"]
[Round "9"]
[White "Radzicki, Wieslaw"]
[Black "Kwiecien, Zbigniew"]
[Result "0-1"]
[WhiteElo "1773"]
[BlackElo "2024"]
[PlyCount "68"]
[EventDate "2019.08.17"]
[EventType "swiss"]
[EventRounds "9"]
[EventCountry "POL"]
[SourceTitle "EXT 2020"]
[Source "ChessBase"]
[SourceDate "2019.10.17"]
[SourceVersion "1"]
[SourceVersionDate "2019.10.17"]
[SourceQuality "1"]

1. e4 e6 2. Nc3 d5 3. Nf3 Nf6 4. e5 Nfd7 5. d4 a6 6. Bg5 Be7 7. h4 c5 8. Ne2 Nc6 9. c3 cxd4 10. cxd4 f6 11. exf6 Nxf6 12. Nc3 0-0 13. Bd3 Bd7 14. Rc1 Be8 15. 0-0 Bh5 16. Be2 Qd6 17. g3 Rae8 18. a3 Ne4 19. Nxe4 dxe4 20. Bxe7 Rxe7 21. Ng5 Bxe2 22. Qxe2 Nxd4 23. Qxe4 g6 24. Kg2 e5 25. Rcd1 Qf6 26. f4 Nf5 27. fxe5 Rxe5 28. Qxb7 Re7 29. Qd5+ Kg7 30. Kh3 h6 31. Ne4 Qxb2 32. Rd3 Ne3 33. Rd2 Nxd5 34. Rxb2 Rxf1 0-1

[Event "POL-chT3 Slaskie"]
[Site "Poland"]
[Date "2008.03.02"]
[Round "6.23"]
[White "Kwiecien, Zbigniew"]
[Black "Moskalik, Andrzej"]
[Result "1/2-1/2"]
[WhiteElo "2201"]
[BlackElo "2140"]
[PlyCount "27"]
[EventDate "2008.02.03"]
[EventType "team-swiss"]
[EventRounds "9"]
[EventCountry "POL"]
[SourceTitle "EXT 2019"]
[Source "ChessBase"]
[SourceDate "2018.10.10"]
[SourceVersion "1"]
[SourceVersionDate "2018.10.10"]
[SourceQuality "1"]

1. e4 e6 2. d4 d5 3. Nd2 dxe4 4. Nxe4 Bd7 5. Nf3 Bc6 6. Bd3 Nd7 7. 0-0 Ngf6 8. Nxf6+ Qxf6 9. Be2 h6 10. c3 Bd6 11. b4 a6 12. a4 0-0 13. Be3 Nb6 14. Qb3 1/2-1/2

[Event "POL-chT3 Slaskie"]
[Site "Poland"]
[Date "2008.02.19"]
[Round "3.2"]
[White "Fudalej, Grzegorz"]
[Black "Kwiecien, Zbigniew"]
[Result "1-0"]
[WhiteElo "2168"]
[BlackElo "2201"]
[PlyCount "63"]
[EventDate "2008.02.03"]
[EventType "team-swiss"]
[EventRounds "9"]
[EventCountry "POL"]
[SourceTitle "EXT 2019"]
[Source "ChessBase"]
[SourceDate "2018.10.10"]
[SourceVersion "1"]
[SourceVersionDate "2018.10.10"]
[SourceQuality "1"]

1. g3 Nf6 2. Bg2 g6 3. e4 d6 4. d3 Bg7 5. f4 c5 6. Nf3 Nc6 7. 0-0 h5 8. Re1 Bg4 9. h3 h4 10. hxg4 h3 11. g5 Ng4 12. Bh1 Qb6 13. c3 0-0-0 14. Na3 e5 15. Nc4 Qa6 16. Nh4 h2+ 17. Kg2 Rxh4 18. gxh4 f5 19. Kg3 b5 20. exf5 gxf5 21. Qf3 d5 22. Nxe5 Ncxe5 23. fxe5 Bxe5+ 24. Rxe5 Nxe5 25. Qxf5+ Nd7 26. Qxd5 Qb6 27. Bf4 c4 28. d4 Nb8 29. Qa8 b4 30. Qxb8+ Qxb8 31. Bxb8 Kxb8 32. Re1 1-0

[Event "POL-chT3 Liga Slaska"]
[Site "Poland"]
[Date "2007.01.28"]
[Round "1"]
[White "Kwiecien, Zbigniew"]
[Black "Olbrich, Roman"]
[Result "1/2-1/2"]
[WhiteElo "2202"]
[BlackElo "1858"]
[PlyCount "96"]
[EventDate "2007.01.28"]
[EventType "team-swiss"]
[EventRounds "9"]
[EventCountry "POL"]
[SourceTitle "EXT 2011"]
[Source "ChessBase"]
[SourceDate "2010.11.26"]
[SourceVersion "1"]
[SourceVersionDate "2010.11.26"]
[SourceQuality "1"]
[WhiteTeam "Katowice Hetman Szopienice III"]
[BlackTeam "Ruda Slaska KS DORS"]
[WhiteTeamCountry "POL"]
[BlackTeamCountry "POL"]

1. e4 c6 2. d4 d5 3. e5 Bf5 4. Bd3 Bxd3 5. Qxd3 Qa5+ 6. Nc3 Qa6 7. Qh3 e6 8. Nge2 b5 9. Nf4 b4 10. Nce2 c5 11. 0-0 Nd7 12. a3 Qc8 13. dxc5 Bxc5 14. axb4 Bb6 15. Qg4 g6 16. Nc3 Ne7 17. Re1 h5 18. Qg5 Bd8 19. Nb5 Nf5 20. Qxf5 gxf5 21. Nd6+ Ke7 22. Nxc8+ Rxc8 23. c3 Bb6 24. Be3 h4 25. h3 Rhg8 26. Bxb6 axb6 27. Ra7 Rc4 28. Nh5 Rgc8 29. f4 R4c7 30. Rea1 f6 31. exf6+ Nxf6 32. Rxc7+ Rxc7 33. Nxf6 Kxf6 34. Ra6 Rc6 35. Kf2 d4 36. cxd4 Rc2+ 37. Kf3 Rxb2 38. Rxb6 Rb3+ 39. Ke2 Kf7 40. Rb7+ Kg6 41. Re7 Kf6 42. Rh7 Rxb4 43. Rh6+ Kf7 44. Rxh4 Rxd4 45. Ke3 Ra4 46. g4 Ra3+ 47. Kd4 Ra4+ 48. Ke3 Ra3+ 1/2-1/2

[Event "POL-chT 2nd League"]
[Site "Lublin"]
[Date "2006.09.05"]
[Round "4.41"]
[White "Kwiecien, Zbigniew"]
[Black "Hermanowicz, Dominika"]
[Result "1/2-1/2"]
[WhiteElo "2194"]
[BlackElo "2088"]
[PlyCount "71"]
[EventDate "2006.09.02"]
[EventType "team-swiss"]
[EventRounds "9"]
[EventCountry "POL"]
[SourceTitle "EXT 2019"]
[Source "ChessBase"]
[SourceDate "2018.10.10"]
[SourceVersion "1"]
[SourceVersionDate "2018.10.10"]
[SourceQuality "1"]
[WhiteTeam "Szopienice HetMaN II"]
[BlackTeam "Wroclaw AZS Politechnika"]
[WhiteTeamCountry "POL"]
[BlackTeamCountry "POL"]

1. e4 e6 2. d4 d5 3. Nd2 c5 4. exd5 Qxd5 5. Ngf3 cxd4 6. Bc4 Qd6 7. 0-0 Nf6 8. Nb3 Nc6 9. Nbxd4 Nxd4 10. Qxd4 Bd7 11. Be3 Rc8 12. Bb3 Qxd4 13. Bxd4 Bc5 14. Rad1 Ke7 15. Rfe1 Rhd8 16. Ne5 Be8 17. Bxc5+ Rxc5 18. Rxd8 Kxd8 19. f4 Nd7 20. Nf3 Rc7 21. c3 Nc5 22. Bc2 Na4 23. Bxa4 Bxa4 24. b3 Be8 25. Rd1+ Ke7 26. c4 Rd7 27. Rxd7+ Bxd7 28. Kf2 f6 29. Ke3 Bc6 30. Ne1 Kd6 31. g3 Be8 32. b4 Bg6 33. Nd3 Bxd3 34. Kxd3 e5 35. Ke4 exf4 36. Kxf4 1/2-1/2

[Event "POL-chT 2nd League"]
[Site "Polanica Zdroj"]
[Date "2004.09.11"]
[Round "10.44"]
[White "Kwiecien, Zbigniew"]
[Black "Osipow, Nikolaj"]
[Result "1/2-1/2"]
[WhiteElo "2222"]
[BlackElo "2207"]
[PlyCount "55"]
[EventDate "2004.09.04"]
[EventType "team-swiss"]
[EventRounds "11"]
[EventCountry "POL"]
[SourceTitle "EXT 2019"]
[Source "ChessBase"]
[SourceDate "2018.10.10"]
[SourceVersion "1"]
[SourceVersionDate "2018.10.10"]
[SourceQuality "1"]
[WhiteTeam "Bytom Szombierki"]
[BlackTeam "Pawlowice GKS Pniowek 74"]
[WhiteTeamCountry "POL"]
[BlackTeamCountry "POL"]

1. e4 g6 2. d4 Bg7 3. Nf3 c6 4. c4 d5 5. exd5 cxd5 6. Nc3 Nf6 7. Qb3 0-0 8. c5 Nc6 9. Be2 b6 10. cxb6 Qxb6 11. Qxb6 axb6 12. 0-0 Nb4 13. Bf4 Ne4 14. Rfd1 Bf5 15. a4 Rfc8 16. Bd2 Nxd2 17. Rxd2 e6 18. h3 Bh6 19. Rdd1 Bc2 20. Rf1 Bb3 21. Bb5 Nc2 22. Rab1 Na3 23. Nxd5 Nxb1 24. Ne7+ Kg7 25. Nxc8 Rxc8 26. Rxb1 Rc1+ 27. Rxc1 Bxc1 28. Kf1 1/2-1/2

[Event "POL-chT 2nd League"]
[Site "Polanica Zdroj"]
[Date "2004.09.10"]
[Round "9"]
[White "Kwiecien, Zbigniew"]
[Black "Markowski, Damian"]
[Result "1/2-1/2"]
[WhiteElo "2222"]
[BlackElo "2298"]
[PlyCount "60"]
[EventDate "2004.09.04"]
[EventType "team-swiss"]
[EventRounds "11"]
[EventCountry "POL"]
[SourceTitle "CBM 102 Extra"]
[Source "ChessBase"]
[SourceDate "2004.11.03"]
[SourceVersion "1"]
[SourceVersionDate "2004.11.03"]
[SourceQuality "1"]
[WhiteTeam "Bytom Szombierki"]
[BlackTeam "Koszalin Hetman Politechnika"]
[WhiteTeamCountry "POL"]
[BlackTeamCountry "POL"]

1. e4 e5 2. Nf3 Nc6 3. Bb5 a6 4. Ba4 Nf6 5. 0-0 Be7 6. Re1 b5 7. Bb3 0-0 8. a4 Bb7 9. d3 d6 10. c3 Nd7 11. Nbd2 Nc5 12. Bc2 Nxa4 13. Bxa4 bxa4 14. Qxa4 Rb8 15. Nc4 f5 16. exf5 Rxf5 17. Ne3 Rf4 18. Qa2+ Kh8 19. Nd5 Rg4 20. Re4 Qd7 21. Qa4 Rg6 22. Nxe7 Qxe7 23. Nh4 Re6 24. Rg4 Rf8 25. Be3 Qf7 26. Nf3 Rg6 27. Ng5 Qf5 28. Rg3 Nd8 29. Qh4 h6 30. Rd1 Kg8 1/2-1/2

[Event "POL-chT 2nd League"]
[Site "Polanica Zdroj"]
[Date "2004.09.06"]
[Round "3"]
[White "Klukiewicz, Piotr"]
[Black "Kwiecien, Zbigniew"]
[Result "1/2-1/2"]
[WhiteElo "2147"]
[BlackElo "2222"]
[PlyCount "58"]
[EventDate "2004.09.04"]
[EventType "team-swiss"]
[EventRounds "11"]
[EventCountry "POL"]
[SourceTitle "CBM 102 Extra"]
[Source "ChessBase"]
[SourceDate "2004.11.03"]
[SourceVersion "1"]
[SourceVersionDate "2004.11.03"]
[SourceQuality "1"]
[WhiteTeam "Wroclaw AZS Politechnika"]
[BlackTeam "Bytom Szombierki"]
[WhiteTeamCountry "POL"]
[BlackTeamCountry "POL"]

1. c4 Nf6 2. Nc3 g6 3. g3 Bg7 4. Bg2 0-0 5. Nf3 d6 6. d3 c5 7. 0-0 Nc6 8. a3 Nh5 9. Rb1 f5 10. Nd5 e6 11. Bg5 Qd7 12. Nf4 Nxf4 13. Bxf4 a5 14. Bd2 h6 15. b4 axb4 16. axb4 cxb4 17. Bxb4 Ra2 18. Bd2 Kh7 19. Qb3 Ra6 20. Bc3 e5 21. e3 g5 22. h4 gxh4 23. Nxh4 Qe7 24. f4 exf4 25. exf4 Qe3+ 26. Kh2 Qxd3 27. Bxg7 Qxb3 28. Rxb3 Kxg7 29. Rd1 Na5 1/2-1/2

[Event "Rowy Jantar op-A 11th"]
[Site "Rowy"]
[Date "2002.06.15"]
[Round "8"]
[White "Toma, Katarzyna"]
[Black "Kwiecien, Zbigniew"]
[Result "0-1"]
[WhiteElo "2200"]
[BlackElo "2215"]
[PlyCount "66"]
[EventDate "2002.06.??"]
[EventType "swiss"]
[EventRounds "8"]
[EventCountry "POL"]
[SourceTitle "EXT 2006"]
[Source "ChessBase"]
[SourceDate "2005.11.24"]
[SourceVersion "1"]
[SourceVersionDate "2005.11.24"]
[SourceQuality "1"]

1. e4 c5 2. Nf3 d6 3. d4 cxd4 4. Nxd4 a6 5. Nc3 Nf6 6. Be3 e6 7. Qd2 Be7 8. f3 0-0 9. g4 b5 10. 0-0-0 Bb7 11. g5 Nfd7 12. h4 Qa5 13. Kb1 b4 14. Nce2 Ne5 15. Nf4 Nbc6 16. Qf2 Rac8 17. Nb3 Qc7 18. Bh3 Nd8 19. Bb6 Qb8 20. Nh5 Qa8 21. Na5 Ndc6 22. Nxc6 Rxc6 23. Bd4 Rfc8 24. Rc1 a5 25. f4 Rxc2 26. Rxc2 Rxc2 27. Kxc2 Bxe4+ 28. Kd2 Nc4+ 29. Kc1 Bxh1 30. Nxg7 Qd5 31. Nh5 Bf3 32. Bf6 Qd3 33. Qf1 Qe3+ 0-1

[Event "Rowy Jantar op-A 11th"]
[Site "Rowy"]
[Date "2002.06.14"]
[Round "7"]
[White "Kwiecien, Zbigniew"]
[Black "Skrzypczak, Piotr"]
[Result "1/2-1/2"]
[WhiteElo "2215"]
[BlackElo "2100"]
[PlyCount "61"]
[EventDate "2002.06.??"]
[EventType "swiss"]
[EventRounds "8"]
[EventCountry "POL"]
[SourceTitle "EXT 2006"]
[Source "ChessBase"]
[SourceDate "2005.11.24"]
[SourceVersion "1"]
[SourceVersionDate "2005.11.24"]
[SourceQuality "1"]

1. d4 Nf6 2. c4 g6 3. Nc3 Bg7 4. g3 d5 5. cxd5 Nxd5 6. Bg2 Nb6 7. Nf3 Nc6 8. e3 0-0 9. 0-0 e5 10. d5 Ne7 11. e4 Bg4 12. Qb3 c6 13. Bg5 cxd5 14. exd5 h6 15. Bxe7 Qxe7 16. Rfe1 Bxf3 17. Bxf3 Nc8 18. Rad1 Nd6 19. Nb5 Rfd8 20. Rc1 Nxb5 21. Qxb5 a6 22. Qb6 Qd6 23. Qxd6 Rxd6 24. Rc7 Rb6 25. b3 Rd8 26. Rec1 Bf8 27. d6 Bxd6 28. Rxb7 Rxb7 29. Bxb7 a5 30. Kg2 Bb4 31. Rc8 1/2-1/2

[Event "Rowy Jantar op-A 11th"]
[Site "Rowy"]
[Date "2002.06.13"]
[Round "6"]
[White "Szromba, Krzysztof"]
[Black "Kwiecien, Zbigniew"]
[Result "1-0"]
[WhiteElo "2154"]
[BlackElo "2215"]
[PlyCount "67"]
[EventDate "2002.06.??"]
[EventType "swiss"]
[EventRounds "8"]
[EventCountry "POL"]
[SourceTitle "EXT 2006"]
[Source "ChessBase"]
[SourceDate "2005.11.24"]
[SourceVersion "1"]
[SourceVersionDate "2005.11.24"]
[SourceQuality "1"]

1. d4 Nf6 2. c4 g6 3. Nc3 Bg7 4. e4 d6 5. Nf3 0-0 6. Be2 Nbd7 7. 0-0 c6 8. Re1 Qc7 9. Bf1 e5 10. d5 a5 11. Rb1 Nc5 12. b3 h6 13. a3 Rd8 14. b4 axb4 15. axb4 Ncxe4 16. Nxe4 Nxe4 17. Rxe4 Bf5 18. Bd3 cxd5 19. cxd5 Bxe4 20. Bxe4 f5 21. Bc2 Rdc8 22. Bb3 e4 23. Nh4 Kh7 24. g4 Bf6 25. Ng2 fxg4 26. Nf4 h5 27. Ne6 Qb6 28. Qd2 e3 29. fxe3 Ra1 30. Rxa1 Bxa1 31. Kg2 Rc3 32. e4 Rxb3 33. Qh6+ Kg8 34. Qf8+ 1-0

[Event "Rowy Jantar op-A 11th"]
[Site "Rowy"]
[Date "2002.06.11"]
[Round "4"]
[White "Szczukiewicz, Andrzej"]
[Black "Kwiecien, Zbigniew"]
[Result "0-1"]
[WhiteElo "2113"]
[BlackElo "2215"]
[PlyCount "75"]
[EventDate "2002.06.??"]
[EventType "swiss"]
[EventRounds "8"]
[EventCountry "POL"]
[SourceTitle "EXT 2006"]
[Source "ChessBase"]
[SourceDate "2005.11.24"]
[SourceVersion "1"]
[SourceVersionDate "2005.11.24"]
[SourceQuality "1"]

1. e4 c5 2. Nc3 g6 3. f4 Bg7 4. Nf3 d6 5. Bb5+ Bd7 6. a4 Nc6 7. 0-0 e6 8. d3 Nge7 9. Be3 Nd4 10. Bxd7+ Qxd7 11. Bxd4 cxd4 12. Ne2 Nc6 13. c3 dxc3 14. bxc3 0-0 15. Rb1 Na5 16. Rb5 b6 17. c4 Qc7 18. Qb1 Rab8 19. g3 a6 20. Rb4 Nc6 21. Rb3 Na5 22. Rb4 Qc5+ 23. d4 Bxd4+ 24. Nexd4 Nc6 25. Rb2 Nxd4 26. Nxd4 Qxd4+ 27. Kg2 Qxc4 28. Rb4 Qe2+ 29. Rf2 Qe3 30. Rb3 Qc5 31. f5 exf5 32. exf5 Qc6+ 33. Rbf3 g5 34. Rc2 Qe4 35. Qc1 h6 36. Rc4 Qd5 37. Rh4 Rfc8 38. Qe3 0-1

[Event "POL-chT3"]
[Site "Poland"]
[Date "2002.??.??"]
[Round "?"]
[White "Kwiecien, Zbigniew"]
[Black "Sapeta, Robert"]
[Result "1-0"]
[WhiteElo "2208"]
[BlackElo "2065"]
[PlyCount "62"]
[EventDate "2002.??.??"]
[EventType "team"]
[EventRounds "9"]
[EventCountry "POL"]
[SourceTitle "EXT 2006"]
[Source "ChessBase"]
[SourceDate "2005.11.24"]
[SourceVersion "1"]
[SourceVersionDate "2005.11.24"]
[SourceQuality "1"]

1. e4 c5 2. Nf3 e6 3. d4 cxd4 4. Nxd4 a6 5. Be2 Nf6 6. Nc3 Qc7 7. 0-0 b5 8. e5 Qxe5 9. Bf3 d5 10. Re1 Qd6 11. Nf5 Qd7 12. Nxd5 Nxd5 13. Bxd5 Bb7 14. Bxb7 Qxb7 15. Qd4 Rg8 16. Bg5 Nc6 17. Nd6+ Bxd6 18. Qxd6 h6 19. Be3 Rd8 20. Qg3 Nb4 21. Rad1 Nd5 22. Bxh6 Qc6 23. Bg5 f6 24. Bd2 Kf7 25. Ba5 Rc8 26. c3 Rh8 27. Rd4 g5 28. Qf3 Rh6 29. Ree4 Re8 30. b3 Qd6 31. h3 f5 1-0

[Event "POL-chT2 South"]
[Site "Ustron"]
[Date "2001.09.??"]
[Round "?"]
[White "Kwiecien, Zbigniew"]
[Black "Blimke, Dalia"]
[Result "0-1"]
[WhiteElo "2251"]
[BlackElo "2214"]
[PlyCount "90"]
[EventDate "2001.09.14"]
[EventType "team-swiss"]
[EventRounds "10"]
[EventCountry "POL"]
[SourceTitle "EXT 2019"]
[Source "ChessBase"]
[SourceDate "2018.10.10"]
[SourceVersion "1"]
[SourceVersionDate "2018.10.10"]
[SourceQuality "1"]
[BlackTeam "Legnica Miedz"]
[BlackTeamCountry "POL"]

1. e4 c5 2. Nf3 e6 3. d4 cxd4 4. Nxd4 Nc6 5. Be2 Nf6 6. Nc3 Qc7 7. 0-0 a6 8. Nxc6 bxc6 9. Be3 Be7 10. f4 d5 11. e5 Nd7 12. Bf3 Rb8 13. b3 0-0 14. Qe1 f6 15. Bg4 fxe5 16. Bxe6+ Kh8 17. fxe5 Qxe5 18. Rxf8+ Nxf8 19. Bxc8 Rxc8 20. Bd2 Bc5+ 21. Kh1 Qf5 22. Na4 Bd6 23. Qe2 Qxc2 24. Qg4 Re8 25. Bc3 Qg6 26. Qxg6 Nxg6 27. Rc1 Re2 28. Bd4 Ne7 29. g3 Rxa2 30. Re1 Kg8 31. Re6 Nf5 32. Bc5 Bxc5 33. Nxc5 Nd4 34. Re3 a5 35. Rd3 Nf5 36. g4 Nh4 37. h3 Kf7 38. Re3 Rc2 39. Nb7 Kf6 40. Nxa5 d4 41. Rg3 Ke5 42. g5 Nf5 43. Rg4 d3 44. Rg2 Rxg2 45. Kxg2 Ne3+ 0-1

[Event "POL-chT2 South"]
[Site "Ustron"]
[Date "2001.09.??"]
[Round "?"]
[White "Kwiecien, Zbigniew"]
[Black "Dreczkowski, Ryszard"]
[Result "1/2-1/2"]
[WhiteElo "2251"]
[BlackElo "2263"]
[PlyCount "61"]
[EventDate "2001.09.14"]
[EventType "team-swiss"]
[EventRounds "10"]
[EventCountry "POL"]
[SourceTitle "EXT 2019"]
[Source "ChessBase"]
[SourceDate "2018.10.10"]
[SourceVersion "1"]
[SourceVersionDate "2018.10.10"]
[SourceQuality "1"]

1. e4 Nf6 2. e5 Nd5 3. d4 d6 4. c4 Nb6 5. f4 dxe5 6. fxe5 Nc6 7. Be3 Bf5 8. Nc3 e6 9. Be2 Be7 10. Nf3 0-0 11. 0-0 f6 12. Qe1 Nb4 13. Qg3 Kh8 14. Rad1 Qe8 15. a3 Nc6 16. exf6 Bxf6 17. Qxc7 e5 18. Nxe5 Nxe5 19. Rxf5 Nexc4 20. Bf2 Ne3 21. Bxe3 Qxe3+ 22. Kh1 Rac8 23. Qd6 Rfd8 24. Qf4 Bxd4 25. Qxe3 Bxe3 26. Rdf1 Bd4 27. Ne4 Kg8 28. Bd1 h6 29. b4 Kh7 30. Bb3 Nc4 31. Bxc4 1/2-1/2

[Event "POL-chT2 South"]
[Site "Ustron"]
[Date "2001.09.??"]
[Round "?"]
[White "Kwiecien, Zbigniew"]
[Black "Grossmann, Ryszard"]
[Result "1/2-1/2"]
[WhiteElo "2251"]
[BlackElo "2213"]
[PlyCount "105"]
[EventDate "2001.09.14"]
[EventType "team-swiss"]
[EventRounds "10"]
[EventCountry "POL"]
[SourceTitle "EXT 2019"]
[Source "ChessBase"]
[SourceDate "2018.10.10"]
[SourceVersion "1"]
[SourceVersionDate "2018.10.10"]
[SourceQuality "1"]

1. e4 c5 2. Nf3 e6 3. d4 cxd4 4. Nxd4 a6 5. Be2 Nf6 6. Nc3 d6 7. 0-0 b6 8. Bf3 Ra7 9. Qe2 Be7 10. Rd1 Bd7 11. a4 Rc7 12. e5 dxe5 13. Qxe5 0-0 14. Qg3 Re8 15. Bf4 Rc5 16. Nb3 Rf5 17. Bc7 Qc8 18. Bxb6 Nc6 19. Nd4 Nxd4 20. Bxd4 Bc5 21. Ne4 Bxd4 22. Rxd4 Nxe4 23. Bxe4 Rc5 24. Qd3 f5 25. Bf3 Re7 26. Rd1 Be8 27. Rd8 Qc7 28. c3 Kf7 29. Qxa6 Ra5 30. Qc8 Bxa4 31. Qxc7 Rxc7 32. Ra1 Raa7 33. g3 g5 34. h3 Kf6 35. Rd6 Be8 36. Re1 Bf7 37. Bd5 Rd7 38. Rxd7 Rxd7 39. Bc6 Rc7 40. Bb5 e5 41. c4 e4 42. b3 Ke5 43. Rd1 Be6 44. Kg2 h5 45. Rd8 h4 46. Re8 hxg3 47. fxg3 f4 48. b4 Ra7 49. gxf4+ gxf4 50. c5 Ra2+ 51. Kf1 Ra1+ 52. Kf2 Ra2+ 53. Kf1 1/2-1/2

[Event "POL-chT 2nd div South"]
[Site "Polanica Zdroj"]
[Date "1999.??.??"]
[Round "9"]
[White "Lukaszewski, Marcin"]
[Black "Kwiecien, Zbigniew"]
[Result "0-1"]
[WhiteElo "2158"]
[BlackElo "2223"]
[PlyCount "40"]
[EventDate "1999.09.17"]
[EventType "team-swiss"]
[EventRounds "10"]
[EventCountry "POL"]
[SourceTitle "EXT 2001"]
[Source "ChessBase"]
[SourceDate "2000.11.22"]
[SourceVersion "1"]
[SourceVersionDate "2000.11.22"]
[SourceQuality "1"]
[WhiteTeam "Kozuchow Odrodzenie"]
[BlackTeam "POL-chT 2nd div South 27"]
[WhiteTeamCountry "POL"]
[BlackTeamCountry "POL"]

1. Nf3 Nf6 2. c4 g6 3. Nc3 Bg7 4. e4 d6 5. d4 0-0 6. Be2 Nbd7 7. 0-0 c6 8. e5 Ne8 9. e6 fxe6 10. Ng5 Ndf6 11. h4 Nc7 12. h5 h6 13. Nh3 Nxh5 14. Bxh5 gxh5 15. Nf4 Qe8 16. Nxh5 Qg6 17. Nxg7 Kxg7 18. Ne2 e5 19. dxe5 Bg4 20. f3 Bxf3 0-1

[Event "POL-chT 2nd League South"]
[Site "Wisla"]
[Date "1998.??.??"]
[Round "?"]
[White "Sycz, Waclaw"]
[Black "Kwiecien, Zbigniew"]
[Result "0-1"]
[WhiteElo "2080"]
[BlackElo "2230"]
[PlyCount "82"]
[EventDate "1998.11.20"]
[EventType "team-swiss"]
[EventRounds "10"]
[EventCountry "POL"]
[SourceTitle "EXT 2000"]
[Source "ChessBase"]
[SourceDate "1999.11.16"]
[SourceVersion "1"]
[SourceVersionDate "1999.11.16"]
[SourceQuality "1"]

1. c4 Nf6 2. Nc3 g6 3. g3 Bg7 4. Bg2 0-0 5. Nf3 d6 6. d4 Nbd7 7. 0-0 c6 8. Qc2 Qc7 9. b3 e5 10. dxe5 dxe5 11. Ba3 Re8 12. Rad1 Bf8 13. Bc1 Nc5 14. Bg5 Bf5 15. Qc1 Nfe4 16. Nxe4 Nxe4 17. Nh4 Nxg5 18. Nxf5 f6 19. Ne3 Bc5 20. Nc2 a5 21. Ne1 e4 22. h4 Nf7 23. e3 f5 24. Nc2 Ne5 25. Nd4 Nd3 26. Qc2 Bxd4 27. exd4 Qg7 28. Rxd3 exd3 29. Qxd3 Rad8 30. Rd1 c5 31. Bd5+ Kh8 32. dxc5 Rc8 33. Qf3 Rxc5 34. Bxb7 Rce5 35. Kg2 h6 36. Bc6 R8e7 37. Rd8+ Kh7 38. Bd5 Qf6 39. Qd3 f4 40. Qd4 fxg3 41. Ba8 gxf2 0-1